[Event "Berlin Werner Ott op"]
[Site "Berlin"]
[Date "2022.07.10"]
[Round "2"]
[White "Grob, Gerhard"]
[Black "Yatskar, Martin"]
[Result "0-1"]
[WhiteElo "1652"]
[BlackElo "1785"]
[PlyCount "92"]
[EventDate "2022.07.09"]
[EventType "swiss"]
[EventRounds "9"]
[EventCountry "GER"]
[SourceTitle "CBM 209 Extra"]
[Source "ChessBase"]
[SourceDate "2022.09.30"]
[SourceVersion "1"]
[SourceVersionDate "2022.09.30"]
[SourceQuality "1"]

1. e4 e5 2. Nf3 Nc6 3. Bc4 Nf6 4. d3 Bc5 5. 0-0 h6 6. h3 d6 7. c3 a6 8. a4 Ba7 9. Be3 Bxe3 10. fxe3 0-0 11. b4 d5 12. exd5 Nxd5 13. Bxd5 Qxd5 14. e4 Qd6 15. Na3 Rd8 16. Ne1 Be6 17. Qf3 f6 18. Rb1 Ne7 19. Nac2 Bd7 20. a5 b6 21. Ne3 bxa5 22. Nc4 Qe6 23. Nxa5 Qa2 24. Qd1 Rab8 25. Rf2 Qf7 26. Nc2 Qg6 27. Kh2 f5 28. Qe2 f4 29. Rf3 Qh5 30. Kg1 c5 31. d4 exd4 32. Qxa6 Qe5 33. Qc4+ Be6 34. Qd3 cxb4 35. cxb4 Rbc8 36. Qe2 Nd5 37. Nb7 Nc3 38. Qe1 Nxb1 39. Nxd8 Rxd8 40. Qxb1 Qxe4 41. Qd1 d3 42. Qd2 g5 43. Ne1 Bc4 44. Kf2 Qd4+ 45. Kf1 Re8 46. Nxd3 Re3 0-1